| 000 | 00000nas 2200000za 4500 |
| 001 | 9.813645 |
| 003 | CaOODSP |
| 005 | 20250403105721 |
| 007 | cr ||||||||||| |
| 008 | 160323d19881992oncar p oss f000#b0fre|d |
| 022 | |y0840-9188 |
| 040 | |aCaOODSP|bfre |
| 041 | |aeng|afre |
| 043 | |an-cn--- |
| 086 | 1 |aCS91-204-PDF |
| 245 | 00|aPostcensal estimates of families, Canada, provinces and territories |h[ressource électronique] / |cStatistics Canada, Demography Division, Population Estimates Section = Estimations postcensitaires des familles, Canada, provinces et territoires / Statistique Canada, Division de la démographie, Section des estimations démographiques. |
| 246 | 11|aEstimations postcensitaires des familles, Canada, provinces et territoires |
| 260 | |aOttawa : |bStatistique Canada, |c1989-1992. |
| 310 | |aAnnuel |
| 362 | 0 |a1 juin, 1987/1988-1 juin, 1992. |
| 500 | |aÉdition numérisée de l’imprimé [par Statistique Canada]. |
| 546 | |aTexte en anglais et en français. |
| 550 | |aLes livr. de 1987/88-1990 publiées par la Section des estimations démographiques; 1991-199- par Statistique Canada. |
| 580 | |aFusionné avec: Postcensal annual estimates of population by marital status, age, sex and components of growth for Canada, provinces and territories, June 1, ... ; Postcensal annual estimates of population for census divisions and census metropolitan areas June 1, ..., (regression method) ; et, Postcensal annual estimates of population for census divisions and census metropolitan areas, June 1, ..., (component method) ; et devient: Annual demographic statistics. |
| 692 | 07|2gccst|aPopulation |
| 692 | 07|2gccst|aFamille |
| 692 | 07|2gccst|aStatistiques démographiques |
| 710 | 2 |aStatistique Canada.|bSection des estimations démographiques. |
| 710 | 2 |aStatistique Canada. |
| 780 | 00|tEstimates of families for Canada and the provinces |w(CaOODSP)9.813642 |
| 791 | |tPostcensal estimates of families, Canada, provinces and territories |eeng|w(CaOODSP)9.813644 |